APEC Schools

The Dyscalculia resource book : games and puzzles for ages 7 to 14 / (Record no. 8907)

000 -LEADER
fixed length control field nam a22 7a 4500
005 - DATE AND TIME OF LATEST TRANSACTION
control field 20200319054123.0
008 - FIXED-LENGTH DATA ELEMENTS--GENERAL INFORMATION
fixed length control field 200319b xxu||||| |||| 00| 0 eng d
020 ## - IDENTIFIER FOR THE MANIFESTATION
Identifier for the Manifestation 9781473975002
Binding paperback
040 ## - CATALOGING SOURCE
Language of Cataloging eng
Transcribing Agency APEC Schools Library
Description Conventions rda
082 ## - DEWEY DECIMAL CLASSIFICATION NUMBER
Classification number C 362.1989
Author's Number B618d 2017
100 ## - CREATOR
Preferred Name of the Person Bird, Ronit
245 ## - TITLE AND STATEMENT OF RESPONSIBILITY
Preferred Title Proper The Dyscalculia resource book : games and puzzles for ages 7 to 14 /
Statement of Responsibility/Parallel Statement of Responsibility Ronit Bird
264 ## - PUBLICATION STATEMENT
Place of publication, distribution, etc Los Angeles, CA :
Publisher's Name/Parallel Publisher's Name SAGE Publications, Inc.,
Copyright ©2017.
300 ## - PHYSICAL DESCRIPTION
Extent 242 pages :
Illustrative Content illustrations ;
336 ## - RDA CONTENT
Source rdacontent
Content Type text
337 ## - RDA MEDIA
Source rdamedia
Media Type unmediated
338 ## - RDA CARRIER
Source rdacarrier
Carrier Type volume
650 ## - ADDED SUBJECT ACCESS POINT - TOPICAL TERM
Topical Term Alculia in children.
942 ## - ADDED ENTRY ELEMENTS (KOHA)
Source of Classification
Koha Item Type Non Fiction
Holdings
Library Site Location Shelving Location Source of Acquisition Full Classification Number Accession Number Koha Item Type
APEC Bacoor Library APEC Bacoor Library Circulation Institutional Fund C 362.1989 B618d 2017 B04-0000608 Non Fiction
APEC C. Raymundo Library APEC C. Raymundo Library Circulation Institutional Fund C 362.1989 B618d 2017 A07-0000531 Non Fiction
APEC Calumpang Library APEC Calumpang Library Circulation Institutional Fund C 362.1989 B618d 2017 B10-0000536 Non Fiction
APEC Dasmarinas Library APEC Dasmarinas Library Circulation Institutional Fund C 362.1989 B618d 2017 B03-0000571 Non Fiction
APEC Grace Park West Library APEC Grace Park West Library Circulation Institutional Fund C 362.1989 B618d 2017 A09-0000415 Non Fiction
APEC JRU Lipa Library APEC JRU Lipa Library Circulation Institutional Fund C 362.1989 B618d 2017 B12-0000591 Non Fiction
APEC Las Piñas Library APEC Las Piñas Library Circulation Institutional Fund C 362.1989 B618d 2017 C01-0000428 Non Fiction
APEC Marikina Heights Library APEC Marikina Heights Library Circulation Institutional Fund C 362.1989 B618d 2017 A08-0000439 Non Fiction
Chain Library Chain Library Circulation Institutional Fund C 362.1989 B618d 2017 AC-0000136 Non Fiction

Powered by Koha